[Event "Mar del Plata op 53rd"]
[Site "Mar del Plata"]
[Date "2024.03.30"]
[Round "9"]
[White "Tobares, Leandro"]
[Black "Villegas, Franco"]
[Result "0-1"]
[WhiteElo "2174"]
[BlackElo "2328"]
[PlyCount "77"]
[EventDate "2024.03.23"]
[EventType "swiss"]
[EventRounds "9"]
[EventCountry "ARG"]
[SourceTitle "CB14_2024"]
[SourceDate "2024.04.01"]
[SourceVersion "1"]
[SourceVersionDate "2024.04.01"]
[SourceQuality "1"]

1. Nf3 Nf6 2. c4 e6 3. g3 d5 4. d4 Be7 5. Bg2 0-0 6. 0-0 dxc4 7. Qc2 b5 8. a4 b4 9. Qxc4 Bb7 10. Bg5 Nbd7 11. a5 Rc8 12. Nbd2 c5 13. Qd3 cxd4 14. Qxd4 Bc5 15. Bxf6 Nxf6 16. Qxd8 Rfxd8 17. Nb3 Ne4 18. Ng5 Bd5 19. Nxc5 Nxc5 20. Rad1 Bxg2 21. Kxg2 f6 22. Nh3 Nb3 23. Nf4 Kf7 24. Nd3 Rd4 25. e3 Rdc4 26. Nf4 Ke7 27. Rd3 Nc1 28. Rdd1 g5 29. Nd3 Nb3 30. h4 gxh4 31. Nf4 e5 32. Nd5+ Ke6 33. f4 Rg8 34. fxe5 Rc2+ 35. Kh1 hxg3 36. Rxf6+ Kxe5 37. Rh6 g2+ 38. Kg1 Rd2 39. Rh5+ 0-1

[Event "Titled Tuesday intern op 26th Sep Late"]
[Site "Chess.com INT"]
[Date "2023.09.26"]
[Round "3"]
[White "Tobares, Leandro"]
[Black "Bolanos Lopez, Juan Jacobo"]
[Result "1-0"]
[WhiteElo "2186"]
[BlackElo "2021"]
[PlyCount "45"]
[EventDate "2023.09.26"]
[EventType "swiss (blitz)"]
[EventRounds "11"]
[EventCountry "USA"]
[SourceTitle "EXT 2024"]
[Source "ChessBase"]
[SourceDate "2023.10.10"]
[SourceVersion "1"]
[SourceVersionDate "2023.10.10"]
[SourceQuality "1"]

1. e4 c5 2. Nf3 e6 3. c3 Nf6 4. e5 Nd5 5. d4 cxd4 6. Qxd4 Nc6 7. Qe4 d6 8. Bb5 Bd7 9. a4 a6 10. Bd3 dxe5 11. Nxe5 Nxe5 12. Qxe5 Bc6 13. 0-0 Qd7 14. a5 0-0-0 15. Bc4 Bd6 16. Qh5 g6 17. Qh4 g5 18. Qd4 Nf4 19. Na3 Bxg2 20. Bxf4 Bxf1 21. Bxd6 Bxc4 22. Nxc4 Qc6 23. Nb6+ 1-0

[Event "Titled Tuesday intern op 26th Sep Late"]
[Site "Chess.com INT"]
[Date "2023.09.26"]
[Round "4"]
[White "Tobares, Leandro"]
[Black "Hommadov, Amanmuhammet"]
[Result "0-1"]
[WhiteElo "2186"]
[BlackElo "2070"]
[PlyCount "68"]
[EventDate "2023.09.26"]
[EventType "swiss (blitz)"]
[EventRounds "11"]
[EventCountry "USA"]
[SourceTitle "EXT 2024"]
[Source "ChessBase"]
[SourceDate "2023.10.10"]
[SourceVersion "1"]
[SourceVersionDate "2023.10.10"]
[SourceQuality "1"]

1. d4 Nf6 2. Nf3 g6 3. c4 Bg7 4. Nc3 0-0 5. e4 d6 6. Be2 e5 7. 0-0 Nc6 8. d5 Ne7 9. b4 a5 10. bxa5 Rxa5 11. Nd2 b6 12. Nb3 Ra8 13. a4 Nd7 14. Be3 f5 15. f3 Nf6 16. a5 bxa5 17. Nxa5 Nh5 18. Nc6 Rxa1 19. Qxa1 Nxc6 20. dxc6 Nf4 21. Rb1 Qg5 22. Bxf4 exf4 23. Qa3 h5 24. Nd5 h4 25. h3 fxe4 26. fxe4 f3 27. Bxf3 Bxh3 28. Kh1 Be5 29. Qe3 Qg3 30. Kg1 Bxg2 31. Ne7+ Kh7 32. Nf5 Rxf5 33. exf5 Bh3+ 34. Kh1 Qh2# 0-1

[Event "Titled Tuesday intern op 20th Jun Late"]
[Site "Chess.com INT"]
[Date "2023.06.20"]
[Round "7"]
[White "Badelka, Olga"]
[Black "Tobares, Leandro"]
[Result "1-0"]
[WhiteElo "2388"]
[BlackElo "2182"]
[PlyCount "85"]
[EventDate "2023.06.20"]
[EventType "swiss (blitz)"]
[EventRounds "11"]
[EventCountry "USA"]
[SourceTitle "EXT 2024"]
[Source "ChessBase"]
[SourceDate "2023.10.10"]
[SourceVersion "1"]
[SourceVersionDate "2023.10.10"]
[SourceQuality "1"]

1. d4 Nf6 2. c4 d6 3. Nf3 Nbd7 4. Nc3 e5 5. Bg5 Be7 6. e3 c6 7. Qc2 0-0 8. Rd1 Qa5 9. dxe5 Nxe5 10. Nxe5 dxe5 11. Be2 e4 12. Bf4 Bf5 13. 0-0 Rad8 14. h3 Bg6 15. Rxd8 Rxd8 16. Rd1 h6 17. g4 Rxd1+ 18. Qxd1 Qb4 19. Qd2 a5 20. a3 Qc5 21. Na4 Qa7 22. Bc7 b5 23. Bb6 Qa6 24. cxb5 cxb5 25. Qd4 Nh7 26. Nc3 Bf6 27. Qc5 Be7 28. Qxb5 Qc8 29. Bxa5 Ng5 30. Kg2 h5 31. Bb4 Bf6 32. Bd6 Bxc3 33. bxc3 hxg4 34. Qxg5 gxh3+ 35. Kh2 Qxc3 36. Qd8+ Kh7 37. Qh4+ Kg8 38. Bg4 f5 39. Bxh3 Qe1 40. Bg3 Qa1 41. Qd8+ Kh7 42. Qd6 Qc3 43. a4 1-0

[Event "Titled Tuesday intern op 20th Jun Late"]
[Site "Chess.com INT"]
[Date "2023.06.20"]
[Round "4"]
[White "Mortazavi, Ali"]
[Black "Tobares, Leandro"]
[Result "0-1"]
[WhiteElo "2333"]
[BlackElo "2182"]
[PlyCount "78"]
[EventDate "2023.06.20"]
[EventType "swiss (blitz)"]
[EventRounds "11"]
[EventCountry "USA"]
[SourceTitle "EXT 2024"]
[Source "ChessBase"]
[SourceDate "2023.10.10"]
[SourceVersion "1"]
[SourceVersionDate "2023.10.10"]
[SourceQuality "1"]

1. Nf3 Nf6 2. g3 d6 3. Bg2 e5 4. d3 Be7 5. 0-0 0-0 6. e4 Bg4 7. h3 Be6 8. Nc3 h6 9. d4 Qd7 10. Kh2 exd4 11. Nxd4 Nc6 12. Nxe6 fxe6 13. f4 Rad8 14. Be3 d5 15. e5 d4 16. Bxc6 bxc6 17. exf6 Bxf6 18. Bxd4 Qxd4 19. Qf3 Qb4 20. Qxc6 Rd2+ 21. Kh1 Rxc2 22. Qxe6+ Kh8 23. Qb3 Rxb2 24. Qxb4 Rxb4 25. Rac1 Rd8 26. Rc2 Rc4 27. Rfc1 Rd3 28. Ne2 Re4 29. Kg2 c5 30. Kf2 Bd4+ 31. Nxd4 cxd4 32. Rg1 Ree3 33. Rg2 Rf3+ 34. Kg1 Rd1+ 35. Kh2 Rff1 36. g4 Rh1+ 37. Kg3 Rd3+ 38. Kf2 Rhxh3 39. Rd2 Rxd2+ 0-1

[Event "Titled Tuesday intern op 20th Jun Early"]
[Site "Chess.com INT"]
[Date "2023.06.20"]
[Round "2"]
[White "Pastar, Slaven"]
[Black "Tobares, Leandro"]
[Result "0-1"]
[WhiteElo "2373"]
[BlackElo "2182"]
[PlyCount "102"]
[EventDate "2023.06.20"]
[EventType "swiss (blitz)"]
[EventRounds "11"]
[EventCountry "USA"]
[SourceTitle "EXT 2024"]
[Source "ChessBase"]
[SourceDate "2023.10.10"]
[SourceVersion "1"]
[SourceVersionDate "2023.10.10"]
[SourceQuality "1"]

1. b3 e5 2. Bb2 Nc6 3. Nf3 Bd6 4. d4 e4 5. d5 exf3 6. dxc6 fxg2 7. Bxg2 dxc6 8. Bxg7 Qg5 9. Bxh8 Qxg2 10. Kd2 Bf4+ 11. Kc3 Ne7 12. Kb2 Be6 13. e3 Bd6 14. Qg1 Qd5 15. Nc3 Qa5 16. a3 0-0-0 17. b4 Bxb4 18. axb4 Qxb4+ 19. Kc1 Rxh8 20. Qg7 Rg8 21. Qd4 Qxd4 22. exd4 Nf5 23. Rxa7 Kb8 24. Ra4 Rg2 25. Kb2 Rxf2 26. Rha1 Kc8 27. Ne4 Rxh2 28. Ra8+ Kd7 29. Nc5+ Ke7 30. Nxb7 Nxd4 31. Rc1 Bf5 32. Ra5 Bxc2 33. Ka3 Nb5+ 34. Kb4 Be4 35. Re1 f5 36. Nc5 Rb2+ 37. Kc4 Nd6+ 38. Kd4 Rb4+ 39. Ke5 Nc4+ 40. Kf4 Nxa5 41. Kg5 Nb7 42. Na6 Rb2 43. Nxc7 Rg2+ 44. Kf4 Rg4+ 45. Ke5 Nc5 46. Na6 Nd7+ 47. Kd4 Kd6 48. Kc3 Rg3+ 49. Kd4 c5+ 50. Kc4 Kc6 51. Rd1 Nb6# 0-1

[Event "Titled Tuesday intern op 20th Jun Late"]
[Site "Chess.com INT"]
[Date "2023.06.20"]
[Round "9"]
[White "Tobares, Leandro"]
[Black "Slavin, Alexei"]
[Result "0-1"]
[WhiteElo "2182"]
[BlackElo "2364"]
[PlyCount "82"]
[EventDate "2023.06.20"]
[EventType "swiss (blitz)"]
[EventRounds "11"]
[EventCountry "USA"]
[SourceTitle "EXT 2024"]
[Source "ChessBase"]
[SourceDate "2023.10.10"]
[SourceVersion "1"]
[SourceVersionDate "2023.10.10"]
[SourceQuality "1"]

1. d4 Nc6 2. c4 e5 3. d5 Nce7 4. Nc3 Ng6 5. g3 Bc5 6. Bg2 d6 7. Nf3 a6 8. 0-0 h6 9. e4 Nf6 10. Ne1 0-0 11. Nd3 Ba7 12. h3 Bd7 13. Kh2 Nh7 14. Qe2 Qe7 15. b4 Rae8 16. Be3 Bxe3 17. Qxe3 f5 18. exf5 Bxf5 19. Be4 Qd7 20. c5 Nf6 21. c6 bxc6 22. dxc6 Qc8 23. Bxf5 Qxf5 24. Rac1 Ne7 25. b5 axb5 26. Nxb5 Ned5 27. Qe2 e4 28. Nb2 e3 29. f3 Qc8 30. Qc4 Kh8 31. Nd3 e2 32. Rfe1 Qf5 33. f4 Qh5 34. Nf2 Qf3 35. Qd4 Re3 36. Nh1 Rfe8 37. Nxc7 Nxc7 38. Qxd6 Ne4 39. Qxc7 Nxg3 40. f5 Nxh1 41. Rxh1 Qf2# 0-1

[Event "Titled Tuesday intern op 20th Jun Late"]
[Site "Chess.com INT"]
[Date "2023.06.20"]
[Round "5"]
[White "Tobares, Leandro"]
[Black "Volkov, Maksim"]
[Result "0-1"]
[WhiteElo "2182"]
[BlackElo "2258"]
[PlyCount "44"]
[EventDate "2023.06.20"]
[EventType "swiss (blitz)"]
[EventRounds "11"]
[EventCountry "USA"]
[SourceTitle "EXT 2024"]
[Source "ChessBase"]
[SourceDate "2023.10.10"]
[SourceVersion "1"]
[SourceVersionDate "2023.10.10"]
[SourceQuality "1"]

1. c4 e6 2. Nf3 d5 3. g3 Nf6 4. Bg2 dxc4 5. 0-0 a6 6. a4 Nc6 7. Na3 Na5 8. Qc2 Bxa3 9. Rxa3 0-0 10. d3 cxd3 11. Rxd3 Qe7 12. b4 Nc6 13. Ba3 Nxb4 14. Bxb4 Qxb4 15. Qxc7 Qxa4 16. Rfd1 Nd5 17. Qd6 b5 18. Rd4 Qc2 19. e4 Nc3 20. Ne1 Qb2 21. Nd3 Ne2+ 22. Kh1 Qxd4 0-1

[Event "Titled Tuesday intern op 07th Feb Early"]
[Site "Chess.com INT"]
[Date "2023.02.07"]
[Round "3"]
[White "Kubicka, Anna"]
[Black "Tobares, Leandro"]
[Result "1/2-1/2"]
[WhiteElo "2211"]
[BlackElo "2189"]
[PlyCount "154"]
[EventDate "2023.02.07"]
[EventType "swiss (blitz)"]
[EventRounds "11"]
[EventCountry "USA"]
[SourceTitle "EXT 2024"]
[Source "ChessBase"]
[SourceDate "2023.10.10"]
[SourceVersion "1"]
[SourceVersionDate "2023.10.10"]
[SourceQuality "1"]

1. d4 Nf6 2. c4 e6 3. Nc3 c5 4. d5 exd5 5. cxd5 d6 6. Nf3 g6 7. Nd2 Bg7 8. Nc4 0-0 9. Bf4 Ne8 10. e4 a6 11. a4 Qe7 12. Bd3 Nd7 13. 0-0 Rb8 14. a5 b5 15. axb6 Nxb6 16. Nxb6 Rxb6 17. Qe2 Nf6 18. Rfe1 Nd7 19. Bxa6 Bxa6 20. Rxa6 Rfb8 21. Rxb6 Rxb6 22. Ra1 h6 23. h3 Ne5 24. Ra6 Rb4 25. Nb5 Nc4 26. Nxd6 Nxd6 27. Bxd6 Qxe4 28. Qxe4 Rxe4 29. Bxc5 Re5 30. Ra8+ Kh7 31. Rd8 Re1+ 32. Kh2 Bxb2 33. g3 Rd1 34. Kg2 Bd4 35. Bxd4 Rxd4 36. d6 Kg7 37. d7 Kf6 38. Kf3 h5 39. Ke3 Rd6 40. Ke4 Ke7 41. Re8+ Kxd7 42. Re5 Re6 43. Kf4 f6 44. Ra5 Rc6 45. Ra7+ Ke6 46. h4 Rc4+ 47. Kf3 Rc3+ 48. Kg2 Rd3 49. Rg7 Kf5 50. Kf1 Rb3 51. Rg8 Ra3 52. Kg2 Rb3 53. Ra8 Rc3 54. Ra5+ Ke6 55. Ra4 Kf5 56. Rf4+ Ke5 57. Kf1 Rb3 58. Rc4 Ra3 59. Rc2 Rb3 60. Ke2 Ra3 61. Rd2 Rb3 62. Ra2 Rc3 63. Ra5+ Ke6 64. f3 Rb3 65. Kf2 Rc3 66. Kg2 Rb3 67. g4 hxg4 68. fxg4 Rb4 69. Kf3 Rb3+ 70. Kf2 Rb2+ 71. Ke3 Rh2 72. h5 gxh5 73. Rxh5 Rxh5 74. gxh5 Kf7 75. Kf4 Kg7 76. Kf5 Kh6 77. Kxf6 Kxh5 1/2-1/2

[Event "Titled Tuesday intern op 07th Feb Late"]
[Site "Chess.com INT"]
[Date "2023.02.07"]
[Round "10"]
[White "Matko, Ognjen"]
[Black "Tobares, Leandro"]
[Result "1-0"]
[WhiteElo "2288"]
[BlackElo "2189"]
[PlyCount "39"]
[EventDate "2023.02.07"]
[EventType "swiss (blitz)"]
[EventRounds "11"]
[EventCountry "USA"]
[SourceTitle "EXT 2024"]
[Source "ChessBase"]
[SourceDate "2023.10.10"]
[SourceVersion "1"]
[SourceVersionDate "2023.10.10"]
[SourceQuality "1"]

1. e4 c5 2. Nf3 d6 3. d4 cxd4 4. Qxd4 Bd7 5. Bg5 Nc6 6. Qe3 Nf6 7. Nc3 e6 8. 0-0-0 Be7 9. h4 h6 10. Bf4 Qb8 11. Nb5 Ne5 12. Qc3 Nxf3 13. Nc7+ Kd8 14. Nxa8 Ne5 15. Bxe5 dxe5 16. Bb5 Qxa8 17. Rxd7+ Nxd7 18. Rd1 Ke8 19. Rxd7 Kf8 20. Rc7 1-0

[Event "Titled Tuesday intern op 07th Feb Late"]
[Site "Chess.com INT"]
[Date "2023.02.07"]
[Round "8"]
[White "Rose, Felix"]
[Black "Tobares, Leandro"]
[Result "0-1"]
[WhiteElo "2091"]
[BlackElo "2189"]
[PlyCount "118"]
[EventDate "2023.02.07"]
[EventType "swiss (blitz)"]
[EventRounds "11"]
[EventCountry "USA"]
[SourceTitle "EXT 2024"]
[Source "ChessBase"]
[SourceDate "2023.10.10"]
[SourceVersion "1"]
[SourceVersionDate "2023.10.10"]
[SourceQuality "1"]

1. d4 Nf6 2. Bf4 e6 3. Nf3 c5 4. e3 Nc6 5. Nbd2 d5 6. c3 Bd6 7. Ne5 0-0 8. Bd3 Qc7 9. Ndf3 b6 10. h4 Bb7 11. h5 Ne4 12. Qe2 f6 13. Nxc6 Bxf4 14. exf4 Bxc6 15. g3 Bb7 16. h6 g6 17. 0-0 Rae8 18. Qc2 Rf7 19. c4 cxd4 20. cxd5 Qxc2 21. Bxc2 Bxd5 22. Nxd4 Rc7 23. Ba4 Ree7 24. Rfc1 Nc5 25. Bd1 Nd3 26. Rxc7 Rxc7 27. b3 Kf7 28. Be2 Nb4 29. Nb5 Rc2 30. Kf1 a6 31. Nd4 Rd2 32. Nf3 Rxa2 33. Rxa2 Nxa2 34. Nd4 Nb4 35. Ke1 Ke7 36. Kd2 Kd6 37. Kc3 Kc5 38. Bc4 b5 39. Bxd5 Nxd5+ 40. Kd3 e5 41. fxe5 fxe5 42. Ne6+ Kb4 43. Ng5 Nf6 44. Kc2 a5 45. f4 e4 46. g4 Nxg4 47. Nxh7 Nxh6 48. Nf8 a4 49. bxa4 Kxa4 50. Nxg6 b4 51. Kb2 Nf5 52. Ne5 Ne3 53. Kb1 b3 54. Nc6 Ka3 55. Nd4 Nd5 56. f5 Nc3+ 57. Kc1 b2+ 58. Kc2 b1Q+ 59. Kxc3 Qd3# 0-1

[Event "Titled Tuesday intern op 07th Feb Early"]
[Site "Chess.com INT"]
[Date "2023.02.07"]
[Round "7"]
[White "Sherman, Reem"]
[Black "Tobares, Leandro"]
[Result "1-0"]
[WhiteElo "2151"]
[BlackElo "2189"]
[PlyCount "87"]
[EventDate "2023.02.07"]
[EventType "swiss (blitz)"]
[EventRounds "11"]
[EventCountry "USA"]
[SourceTitle "EXT 2024"]
[Source "ChessBase"]
[SourceDate "2023.10.10"]
[SourceVersion "1"]
[SourceVersionDate "2023.10.10"]
[SourceQuality "1"]

1. d4 Nf6 2. g3 e6 3. Bg2 c5 4. c3 Nc6 5. Nf3 d5 6. 0-0 Be7 7. Re1 0-0 8. Nbd2 cxd4 9. cxd4 b5 10. e4 dxe4 11. Nxe4 Bb7 12. Ne5 Nxe5 13. Nxf6+ gxf6 14. Bxb7 Rb8 15. Be4 Ng6 16. Bh6 Re8 17. Bc6 Bf8 18. Bxe8 Bxh6 19. Bc6 f5 20. Bg2 Bg7 21. Rb1 Qxd4 22. Qxd4 Bxd4 23. Red1 e5 24. Rdc1 f4 25. Rc7 fxg3 26. hxg3 h5 27. Bd5 Rf8 28. b3 h4 29. gxh4 Nxh4 30. Be4 Rd8 31. Rbc1 f5 32. Bc6 Ng6 33. Bxb5 Nf4 34. Bc4+ Kh8 35. Kf1 Rd6 36. Ke1 Rh6 37. Kd2 Rh2 38. Rf1 Bxf2 39. Kc3 a5 40. b4 axb4+ 41. Kxb4 e4 42. Rd1 Bh4 43. Rdd7 Be1+ 44. Ka4 1-0

[Event "Titled Tuesday intern op 07th Feb Late"]
[Site "Chess.com INT"]
[Date "2023.02.07"]
[Round "6"]
[White "Tobares, Leandro"]
[Black "Fiorito, Francisco"]
[Result "0-1"]
[WhiteElo "2189"]
[BlackElo "2299"]
[PlyCount "87"]
[EventDate "2023.02.07"]
[EventType "swiss (blitz)"]
[EventRounds "11"]
[EventCountry "USA"]
[SourceTitle "EXT 2024"]
[Source "ChessBase"]
[SourceDate "2023.10.10"]
[SourceVersion "1"]
[SourceVersionDate "2023.10.10"]
[SourceQuality "1"]

1. d4 Nf6 2. Nf3 g6 3. g3 Bg7 4. Bg2 0-0 5. 0-0 d5 6. c4 c6 7. Nc3 dxc4 8. Ne5 Nd5 9. Nxc4 Nxc3 10. bxc3 Nd7 11. Rb1 Nb6 12. Ne3 Be6 13. a4 Qd7 14. a5 Nd5 15. Nxd5 Bxd5 16. e4 Bc4 17. Re1 Rfd8 18. Rb4 Ba6 19. Qb3 e6 20. Be3 Bf8 21. Ra4 Rac8 22. Bf1 Bxf1 23. Rxf1 c5 24. dxc5 Bxc5 25. Bxc5 Rxc5 26. Rb4 Rc7 27. Rd4 Qe8 28. Rfd1 Rdc8 29. c4 h5 30. e5 Qc6 31. Qe3 Re7 32. g4 hxg4 33. Rxg4 Rd7 34. Re1 Qc5 35. Qh6 Qxa5 36. Rf1 Qxe5 37. Rh4 Qg7 38. Qe3 b6 39. Re4 Rcd8 40. c5 bxc5 41. Qxc5 Qf6 42. Qe3 Rd1 43. Rf4 Qg5+ 44. Qg3 0-1

[Event "Titled Tuesday intern op 07th Feb Early"]
[Site "Chess.com INT"]
[Date "2023.02.07"]
[Round "11"]
[White "Tobares, Leandro"]
[Black "Manon Og, Ramon Jr"]
[Result "0-1"]
[WhiteElo "2189"]
[BlackElo "1999"]
[PlyCount "62"]
[EventDate "2023.02.07"]
[EventType "swiss (blitz)"]
[EventRounds "11"]
[EventCountry "USA"]
[SourceTitle "EXT 2024"]
[Source "ChessBase"]
[SourceDate "2023.10.10"]
[SourceVersion "1"]
[SourceVersionDate "2023.10.10"]
[SourceQuality "1"]

1. e4 c6 2. Nf3 d5 3. Nc3 d4 4. Ne2 c5 5. d3 Nc6 6. g3 e5 7. Bg2 Nf6 8. 0-0 Be7 9. Ne1 0-0 10. f4 exf4 11. gxf4 Bg4 12. Nf3 Rc8 13. Qe1 Nb4 14. Qd1 c4 15. a3 cxd3 16. cxd3 Nc2 17. Rb1 Ne3 18. Bxe3 dxe3 19. Ne5 Bc5 20. Bf3 Bh3 21. Re1 Bd6 22. d4 Nd7 23. Nd3 Qh4 24. e5 Be7 25. Bxb7 Rc7 26. Bg2 Bg4 27. Qb3 Rfc8 28. Ng3 Rc2 29. Rxe3 Rd2 30. Rd1 Rxd1+ 31. Qxd1 Bxd1 0-1

[Event "Titled Tuesday intern op 07th Feb Early"]
[Site "Chess.com INT"]
[Date "2023.02.07"]
[Round "9"]
[White "Tobares, Leandro"]
[Black "Sai, Han Thiha"]
[Result "0-1"]
[WhiteElo "2189"]
[BlackElo "2070"]
[PlyCount "86"]
[EventDate "2023.02.07"]
[EventType "swiss (blitz)"]
[EventRounds "11"]
[EventCountry "USA"]
[SourceTitle "EXT 2024"]
[Source "ChessBase"]
[SourceDate "2023.10.10"]
[SourceVersion "1"]
[SourceVersionDate "2023.10.10"]
[SourceQuality "1"]

1. c4 Nf6 2. Nc3 g6 3. g3 Bg7 4. Bg2 0-0 5. Nf3 d6 6. 0-0 e5 7. d3 Nc6 8. Rb1 a5 9. a3 Re8 10. e4 Nd7 11. b4 axb4 12. axb4 f5 13. exf5 gxf5 14. Nh4 Nf8 15. Nd5 Nd4 16. Be3 c6 17. Bxd4 exd4 18. Nf4 Bf6 19. Qh5 Bxh4 20. gxh4 Bd7 21. Kh1 Qf6 22. b5 Kh8 23. bxc6 bxc6 24. Rb7 Rab8 25. Rfb1 Rxb7 26. Rxb7 Re1+ 27. Bf1 Rxf1+ 28. Kg2 Re1 29. Rb8 Qg7+ 30. Kf3 Re8 31. Rxe8 Bxe8 32. Qg5 Qxg5 33. hxg5 c5 34. Nd5 Ne6 35. h4 Bc6 36. Kg3 Bxd5 37. cxd5 Nc7 38. Kf4 Nxd5+ 39. Kxf5 Nb4 40. Ke4 d5+ 41. Ke5 Nxd3+ 42. Kxd5 Nxf2 43. Kxc5 d3 0-1

[Event "La Pampa op"]
[Site "La Pampa"]
[Date "2022.03.06"]
[Round "6"]
[White "Chain, Eduardo Antonio"]
[Black "Tobares, Leandro"]
[Result "0-1"]
[WhiteElo "1885"]
[BlackElo "2239"]
[PlyCount "100"]
[EventDate "2022.03.04"]
[EventType "swiss"]
[EventRounds "7"]
[EventCountry "ARG"]
[SourceTitle "CBM 207 Extra"]
[Source "ChessBase"]
[SourceDate "2022.05.31"]
[SourceVersion "1"]
[SourceVersionDate "2022.05.31"]
[SourceQuality "1"]

1. e4 c5 2. Nf3 d6 3. d4 cxd4 4. Nxd4 Nf6 5. Nc3 Nc6 6. Bg5 e6 7. Qd2 Be7 8. 0-0-0 Nxd4 9. Qxd4 0-0 10. f4 Qa5 11. Qd2 h6 12. h4 Rd8 13. Kb1 Bd7 14. Bxf6 Bxf6 15. Nd5 Qxd2 16. Nxf6+ gxf6 17. Rxd2 Bc6 18. Bd3 Kf8 19. Rf2 Ke7 20. Kc1 Rg8 21. Rh2 Rg3 22. Kd2 Rag8 23. Ke2 d5 24. exd5 Bxd5 25. Kf1 Bxa2 26. Rf3 Rxf3+ 27. gxf3 Bd5 28. Kf2 Rc8 29. c3 Rc5 30. Ke3 Ra5 31. Rh1 Ra2 32. Rb1 a5 33. Be4 Bb3 34. Kd4 f5 35. Bd3 Ra4+ 36. Ke3 Bd5 37. Bb5 Ra2 38. Bd3 a4 39. Be2 a3 40. bxa3 Rxa3 41. Kd4 Kd6 42. Rb6+ Bc6 43. Rb1 f6 44. Kd3 e5 45. fxe5+ fxe5 46. Kd2 Ra4 47. Rh1 Ra2+ 48. Ke3 f4+ 49. Kf2 Bb5 50. c4 Bxc4 0-1

[Event "ARG-ch Seniors 50"]
[Site "Coronel Pringles"]
[Date "2019.12.15"]
[Round "6.6"]
[White "Nieto, Sebastian"]
[Black "Tobares, Leandro"]
[Result "1-0"]
[WhiteElo "2088"]
[BlackElo "2263"]
[PlyCount "41"]
[EventDate "2019.12.13"]
[EventType "swiss"]
[EventRounds "7"]
[EventCountry "ARG"]
[SourceTitle "EXT 2024"]
[Source "ChessBase"]
[SourceDate "2023.10.10"]
[SourceVersion "1"]
[SourceVersionDate "2023.10.10"]
[SourceQuality "1"]

1. e4 c5 2. Nf3 Nc6 3. Bb5 g6 4. Bxc6 bxc6 5. 0-0 Bg7 6. Re1 Nf6 7. Nc3 0-0 8. h3 d6 9. d3 Rb8 10. Rb1 e5 11. Bg5 h6 12. Bd2 Be6 13. b3 Qd7 14. Kh2 Nh5 15. g4 Nf4 16. Ra1 Kh7 17. Ne2 f5 18. Nxf4 exf4 19. exf5 gxf5 20. g5 hxg5 21. Nxg5+ 1-0

[Event "Mar del Plata op 49th"]
[Site "Mar del Plata"]
[Date "2018.03.25"]
[Round "2"]
[White "Tobares, Leandro"]
[Black "Figueroa, Eduardo"]
[Result "1-0"]
[WhiteElo "2304"]
[BlackElo "2067"]
[PlyCount "60"]
[EventDate "2018.03.24"]
[EventType "swiss"]
[EventRounds "9"]
[EventCountry "ARG"]
[SourceTitle "EXT 2019"]
[Source "ChessBase"]
[SourceDate "2018.10.10"]
[SourceVersion "1"]
[SourceVersionDate "2018.10.10"]
[SourceQuality "1"]

1. c4 e5 2. g3 Nc6 3. Bg2 d6 4. Nc3 Be6 5. d3 Be7 6. Rb1 Qd7 7. b4 a5 8. b5 Nd8 9. Nf3 Bh3 10. 0-0 c6 11. bxc6 bxc6 12. c5 Bxg2 13. Kxg2 Ne6 14. cxd6 Bxd6 15. Ne4 Ne7 16. Rb7 Nc7 17. Bb2 Ng6 18. d4 f5 19. Nxd6+ Qxd6 20. dxe5 Qxd1 21. Rxd1 Ne6 22. Rd6 Ngf8 23. Ba3 c5 24. Nd2 Nd8 25. Rb5 Nf7 26. Rc6 Nxe5 27. Rcxc5 Ned7 28. Rxf5 Rd8 29. Rxa5 Ne6 30. Ne4 g6 1-0

[Event "Mar del Plata op 48th"]
[Site "Mar del Plata"]
[Date "2017.04.15"]
[Round "9"]
[White "Della Morte, German"]
[Black "Tobares, Leandro"]
[Result "1-0"]
[WhiteElo "2375"]
[BlackElo "2303"]
[PlyCount "53"]
[EventDate "2017.04.08"]
[EventType "swiss"]
[EventRounds "9"]
[EventCountry "ARG"]
[SourceTitle "CBM 178 Extra"]
[Source "ChessBase"]
[SourceDate "2017.06.22"]
[SourceVersion "1"]
[SourceVersionDate "2017.06.22"]
[SourceQuality "1"]

1. e4 c5 2. Nf3 Nc6 3. d4 cxd4 4. Nxd4 Nf6 5. Nc3 d6 6. Bg5 e6 7. Qd2 Be7 8. 0-0-0 Nxd4 9. Qxd4 0-0 10. f4 Qa5 11. Be2 e5 12. Qe3 exf4 13. Bxf4 Be6 14. a3 Rfd8 15. Nb5 Ng4 16. Qg3 Ne5 17. Nxd6 Ng6 18. Bd2 Qb6 19. Nf5 Bf6 20. Bc3 Bxc3 21. Qxc3 f6 22. Bc4 Kh8 23. Bxe6 Qxe6 24. Qc7 Rg8 25. Kb1 b5 26. Rd7 Qb6 27. Rxg7 1-0

[Event "Mar del Plata op 48th"]
[Site "Mar del Plata"]
[Date "2017.04.13"]
[Round "8"]
[White "Tobares, Leandro"]
[Black "Blit, Jacques"]
[Result "1/2-1/2"]
[WhiteElo "2303"]
[BlackElo "2346"]
[PlyCount "31"]
[EventDate "2017.04.08"]
[EventType "swiss"]
[EventRounds "9"]
[EventCountry "ARG"]
[SourceTitle "CBM 178 Extra"]
[Source "ChessBase"]
[SourceDate "2017.06.22"]
[SourceVersion "1"]
[SourceVersionDate "2017.06.22"]
[SourceQuality "1"]

1. c4 g6 2. Nc3 Bg7 3. g3 Nf6 4. Bg2 0-0 5. Nf3 d5 6. cxd5 Nxd5 7. Nxd5 Qxd5 8. 0-0 Qh5 9. d3 c5 10. Be3 Bxb2 11. Rb1 Bg7 12. Ng5 h6 13. Ne4 Nd7 14. Qc2 Ne5 15. Bxc5 Re8 16. d4 1/2-1/2

[Event "Mar del Plata op 47th"]
[Site "Mar del Plata"]
[Date "2016.03.20"]
[Round "2"]
[White "Salvatti, Diego"]
[Black "Tobares, Leandro"]
[Result "0-1"]
[WhiteElo "2061"]
[BlackElo "2309"]
[PlyCount "74"]
[EventDate "2016.03.19"]
[EventType "swiss"]
[EventRounds "9"]
[EventCountry "ARG"]
[SourceTitle "CBM 171 Extra"]
[Source "ChessBase"]
[SourceDate "2016.04.26"]
[SourceVersion "1"]
[SourceVersionDate "2016.04.26"]
[SourceQuality "1"]

1. d4 Nf6 2. Nf3 e6 3. e3 b6 4. Nbd2 c5 5. b3 cxd4 6. exd4 Bb7 7. Bb2 Be7 8. g3 0-0 9. Bg2 d6 10. 0-0 Nbd7 11. Re1 b5 12. Qe2 Qb6 13. c4 a6 14. Qd3 Rfd8 15. a4 Rab8 16. Bc3 Bc6 17. axb5 axb5 18. d5 exd5 19. Nd4 dxc4 20. bxc4 Bxg2 21. Kxg2 bxc4 22. Nxc4 Qb7+ 23. f3 Nc5 24. Qc2 Nd5 25. Rab1 Qd7 26. Rxb8 Rxb8 27. Nf5 Bf8 28. Ba1 Nb4 29. Nh6+ gxh6 30. Qb2 f6 31. Qxf6 Bg7 32. Qxg7+ Qxg7 33. Bxg7 Kxg7 34. Nxd6 Nbd3 35. Re7+ Kg6 36. Rc7 Rb2+ 37. Kh3 Ne6 0-1